Ptolemäerarmee in Thebais /

محفوظ في:

المؤلف الرئيسي: Winnicki, Jan Krzysztof.

التنسيق: كتاب

اللغة: German

منشور في: Wrocław : Zakłiad narodowy imienia Ossolińskich, 1978.

سلاسل: Archiwum filologiczne ; 38.

الموضوعات:

الوسوم: إضافة وسم

لا توجد وسوم, كن أول من يضع وسما على هذه التسجيلة!

رقم الطلب: U31 .W5

LEADER 00788nam a22002297a 4500
003 OSt
005 20251201074957.0
008 251201t1978 pl b b 00010 ger u
040 |c ARCE Library 
050 1 4 |a U31  |b .W5 
100 1 |a Winnicki, Jan Krzysztof. 
245 1 0 |a Ptolemäerarmee in Thebais /   |c von Jan Krzysztof Winnicki ; [ins Deutsche übersetzt von Helena Sosinowicz]. 
264 1 |a Wrocław :   |b Zakłiad narodowy imienia Ossolińskich,   |c 1978. 
300 |a 105 p. :   |b maps ;   |c 24 cm. 
490 0 |a Archiwum filologiczne ;   |v 38. 
504 |a Includes bibliographical references. 
600 3 0 |a Ptolemaic dynasty, -- 305 B.C.-30 B.C. 
650 0 |a Military history, Ancient.  
651 0 |a Egypt -- Military antiquities. 
901 |a reviewed 
942 |2 lcc  |c BK 
999 |c 49322  |d 49322